Responses for show #690 - Friday, September 11, 1987

Missing introductions and first 20 clues of the Jeopardy! Round.

Contestants

Denny Golden, from

Sharon, from

Ted Cooperstein, a law clerk from Fort Smith, Arkansas (whose 1-day cash winnings total $10,801)

Jeopardy! Round responses

CANADA
DRY
CHRISTMAS
SEALS
TV
"GUIDE"
    $100 1
-

Ted
    $100 6
-

Ted
    $100 16
-

Ted
    $100 11
-

Ted
    $100 19
-

Triple Stumper
    $100 21
a guide dog

Ted
    $200 2
-

Ted
    $200 7
-

Ted
    $200 17
-

Ted
    $200 12
-

Ted
    $200 20
-

Ted
    $200 22
(Alex: Right, and we've got a minute to go.)

a guided missile

Ted
    $300 3
-

Ted
    $300 8
-

Ted
    $300 18
-

Sharon
Triple Stumper
    $300 13
-

Ted
    $300 25
Santa Barbara

Sharon
    $300 23
guidelines

Sharon
    $400 4
-

Ted
    $400 9
-

Ted
    $400 14
-

Ted
    $400 26
(Ted: Who is Mr. Roberts?)
(Den: Who is... uhh... PT-109?)
(Sharon: Who is [*]'s Navy?)

(Lt. Cmdr.) McHale

TedSharonDen
    $400 24
(Ted: What are t--Tour Guides?)
(Dan: What is the Blue Guide?)

the Green Guides

TedDen
Triple Stumper
    $500 5
-

Den
    $500 10
-

Den
    $500 15
-

Den
    $500 27
[The end-of-round signal sounds.]

Pat Morita

Sharon

Scores at the first commercial break (after clue 15):

Ted Sharon Den
$3,000 $0 $1,500

Scores at the end of the Jeopardy! Round:

Ted Sharon Den
$3,000 $1,200 $700

Double Jeopardy! Round responses

ARACHNIDS
AWARDS
ANCIENT WORLDS
PALINDROMES
(Alex: Those are words that read the same forward and backward.)
PRESIDENTS
POTPOURRI
    $200 18
ticks

Ted
    $200 11
[Laughter]
(Alex: Now is the time for [*]! Yes.)
(Sharon: If only my clicker worked.)

Barbra Streisand

Ted
    $200 6
(Alex: Yes, he founded Xin Dynasty.)

China

Den
    $200 8
sis

Ted
    $200 1
(Ted: Who is Andrew Jackson?)
(Sharon: Who is Lincoln?)
(Den: Who is Harry Truman?)

George Washington

TedSharonDen
Triple Stumper
    $200 17
a dog

Den
    $400 22
(Alex: Played by Theresa Russell, correct.)

Black Widow

Den
    $400 21
(Alex: With Clark Gable and Claudette Colbert.)

It Happened One Night

Den
    $400 7
Romulus & Remus

Sharon
    $400 13
1991

Ted
    $400 2
John Adams

Den
    $400 19
Superman

Ted
    $600 23
(Alex: We've got a minute to go, Den. You select.)

a mite

Triple Stumper
    $1,000 9
Assyria

Ted
    $600 14
(Alex: Right. "Did" is the word.)

to do

Ted
    $600 3
Thomas Jefferson

Den
    $600 20
Alex Haley

Sharon
    $500 24
(Den: What is... umm... uh... [*]!)

Scorpio

Den
    $800 10
Nefertiti

Sharon
    $800 15
(Sharon: What is ABBA?)
...
(Alex: ABBA is Swedish. [*] is Norwegian.)

a-ha

Sharon
Triple Stumper
    $800 4
(Ted: Who is James Monroe?)

James Madison

TedDen
    $800 26
(Alex: The little guy was afraid of [*].)

cats

Triple Stumper
    $1000 25
the arthropods

Triple Stumper
    $1000 12
Carthage

Ted
    $1000 16
tat

Triple Stumper
    $1000 5
(Alex: Now is--not fast enough, Den. Now is the time for [*]. We had the presidency in order in that category.)

James Monroe

Triple Stumper
    $1000 27
[The end-of-round signal sounds.]

John Quincy Adams

Ted

Scores at the end of the Double Jeopardy! Round:

Ted Sharon Den
$7,000 $2,000 $4,000

[wagering suggestions for these scores]

Final Jeopardy! Round responses

U.S. LANDMARKS
(Alex: Please be sure your response is phrased properly.)
SharonWho is Robert E. Lee?
$1,999
DenWho is Robert E. Lee
$3,050
TedWho was Robert E. Lee?
$1,100
Robert E. Lee

Final scores:

Ted Sharon Den
$8,100 $3,999 $7,050
2-day champion: $18,901 3rd place: Kraco cordless telephone & beeperless remote answering machine including phone 2nd place: Ortho Mattress Co. space-saving day bed featuring solid oak frame, 2 mattresses, pop-up unit, & 5-piece comforter set + Hitachi 19" color TV with infrared remote control

Game dynamics:

Coryat scores:

Ted Sharon Den
$6,600 $2,000 $4,300
26 R
(including 1 DD),
4 W
7 R,
3 W
11 R
(including 1 DD),
3 W

Combined Coryat: $12,900

The J! Archive is created by fans, for fans. The Jeopardy! game show and all elements thereof, including but not limited to copyright and trademark thereto, are the property of Jeopardy Productions, Inc. and are protected under law. This website is not affiliated with, sponsored by, or operated by Jeopardy Productions, Inc. Join the discussion at JBoard.tv.